Calendario Atlante De Agostini / (Record no. 38273)

MARC details
000 -LEADER
campo de control de longitud fija 00746nam a2200193 i 4500
001 - NÚMERO DE CONTROL
campo de control 38273
003 - IDENTIFICADOR DE NÚMERO DE CONTROL
campo de control ES-MaACL
005 - FECHA Y HORA DE LA ÚLTIMA TRANSACCIÓN
campo de control 20230906155729.0
007 - CAMPO FIJO DE DESCRIPCIÓN FÍSICA--INFORMACIÓN GENERAL
campo de control de longitud fija t|
008 - DATOS DE LONGITUD FIJA--INFORMACIÓN GENERAL
campo de control de longitud fija 030225s1987 it ||||1| ita d
245 00 - MENCIÓN DEL TÍTULO
Título Calendario Atlante De Agostini /
Mención de responsabilidad, etc. aggiornamenti geográfico-economici a cura di Achille Soldani ; cronologia e ordinamenti politici a cura di Franco Casabianca ; cartografia a cura di Giuseppe Motta.
260 ## - PUBLICACIÓN, DISTRIBUCIÓN, ETC.
Lugar de publicación, distribución, etc. Novara :
Nombre del editor, distribuidor, etc. Istituto Geografico De Agostini,
Fecha de publicación, distribución, etc. 1987.
300 ## - DESCRIPCIÓN FÍSICA
Extensión 784 p. :
Otras características físicas 48 map. ;
Dimensiones 16 cm.
700 1# - ENTRADA AGREGADA--NOMBRE PERSONAL
Nombre de persona Aldani, Achille.
9 (RLIN) 19609
700 1# - ENTRADA AGREGADA--NOMBRE PERSONAL
Nombre de persona Casabianca, Franco.
9 (RLIN) 35987
700 1# - ENTRADA AGREGADA--NOMBRE PERSONAL
Nombre de persona Mota, Giuseppe.
9 (RLIN) 83818
710 2# - ENTRADA AGREGADA--NOMBRE DE ENTIDAD CORPORATIVA
Nombre de entidad corporativa o nombre de jurisdicción como elemento de entrada Istituto geografico De Agostini.
9 (RLIN) 173295
852 ## - LOCALIZACIÓN
Ubicación ES-MaACL
Número de control de estantería L-11491
Sublocalización o colección R.113336
Holdings
Estatus retirado Estado de pérdida Estado de daño No para préstamo Biblioteca de origen Biblioteca actual Ubicación en estantería Fecha de adquisición Fuente de adquisición Total de préstamos Signatura topográfica completa Código de barras Visto por última vez Precio de reemplazo Tipo de ítem Koha
        Biblioteca del Ateneo de Madrid Biblioteca del Ateneo de Madrid Depósito 2 17/01/2008     L-11491 1040288 23/02/2023 23/02/2023 Libro impreso